| 000 | 01676nam a2200277Ia 4500 | ||
|---|---|---|---|
| 999 |
_c56643 _d56643 |
||
| 001 | 23765 | ||
| 003 | GE_BSU | ||
| 005 | 20230329105003.0 | ||
| 008 | 181216s1995ge xx |||||||||||||| ||geo|| | ||
| 040 | _cGE_BSU | ||
| 041 | _ageo | ||
| 080 | _a902.2(479.223) + 913.1(479.223) ხ-34 | ||
| 100 |
_aხახუტაიშვილი, დავით _917303 |
||
| 245 |
_aქობულეთის "ქვეყანა" : _b ნეოლითიდან ადრეკლასობრივი ქალაქების წარმოქმნამდე. წ. 1. / _cდ.ხახუტაიშვილი, რედ. ზ. ფირცხალაიშვილი. მხატვ. ჯ. მიქელაძე |
||
| 264 |
_aბათუმი : _bაჭარა, _c1995. |
||
| 300 |
_a152 გვ . : _bილ ; _c 20 სმ. |
||
| 504 | _aბიბლიოგრ. ტექსტის შენიშვნ. | ||
| 520 | _aრეზ. რუს. ენ. | ||
| 653 | _aარქეოლოგიური გათხრები აჭარაში; აჭარის ისტორია; აჭარის ისტორიული გეოგრაფია | ||
| 653 | _aქობულეთის "ქვეყანა" : ნეოლითიდან ადრეკლასობრივი ქალაქების წარმოქმნამდე. წ.1 | ||
| 653 | _aარქეოლოგია | ||
| 700 |
_aფირცხალაიშვილი, ზ _eრედაქტორი _93678 |
||
| 700 |
_a მიქელაძე, ჯ _eმხატვარი _917304 |
||
| 774 | _w/ | ||
| 942 |
_cBK _2udc |
||